000 01218nas a2200325 4500
001 BR2015004652
003 BR-BrBNA
005 20231205125700.0
007 ta
008 230509b bl.|||p| |||| 00| 00por d
040 _aBR-BrBNA
_bpor
_cBiblioteca Nacional de Agricultura
041 _a(Pt)
072 _aF03; H20
100 1 _aRubio Neto, A.
100 1 _aLima, R.E. de
100 1 _aVasconcelos, J.M.
100 1 _aXimenes, F.A.
100 1 _aMacagnan, D.
100 1 _aSantana, J. das G.
100 1 _aSilva, F.
111 1 _a16° Congresso Brasileiro de Floricultura e Plantas Ornamentais; 3° Congresso Brasileiro de Cultura de Tecidos de Plantas; 1° Simpósio de Plantas Ornamentais Nativas
_cGoiânia, GO (Brazil)
_d10-15 Sep 2007
245 1 _aGerminação e controle da contaminação in vitro de sementes de Pequi (Caryocar brasiliense Camb.)
650 _aPRODUÇÃO DE SEMENTES
650 _aCULTURA IN VITRO
650 _aDESINFECÇÃO
650 _aESPÉCIE NATIVA
773 0 _tRevista Brasileira de Horticultura Ornamental (Brazil)
_xISSN 1809-6093
_g(Sep 2007), v. 13(Suplemento) p. 189-192
_wBR2015004652
909 _a202311
_bLúcia
_c55
_dLúcia Elande
942 _2AGRIS
_n0
_cANA
999 _c245549
_d245549